[Event "Bialystok Zamenhof Memorial"]
[Site "Bialystok"]
[Date "2013.12.28"]
[Round "4"]
[White "Strojek, Kazimierz"]
[Black "Burakowska, Gabriela"]
[Result "0-1"]
[WhiteElo "1752"]
[BlackElo "1740"]
[PlyCount "72"]
[EventDate "2013.12.27"]
[EventType "swiss"]
[EventRounds "9"]
[EventCountry "POL"]
[SourceTitle "EXT 2016"]
[Source "ChessBase"]
[SourceDate "2015.10.08"]
[SourceVersion "1"]
[SourceVersionDate "2015.10.08"]
[SourceQuality "1"]

1. e4 c5 2. Nc3 e6 3. g3 Nc6 4. Bg2 a6 5. d3 b5 6. Be3 Qc7 7. Qd2 Bb7 8. Nh3 d6 9. 0-0 Nf6 10. f3 Be7 11. Nf4 Ne5 12. Kh1 h5 13. Nh3 0-0-0 14. Nf2 d5 15. Bf4 d4 16. Ne2 Nfd7 17. c3 dxc3 18. Qxc3 g5 19. Bxe5 Nxe5 20. Rac1 Nc6 21. a3 Kb8 22. Rfd1 g4 23. d4 h4 24. Kg1 hxg3 25. hxg3 gxf3 26. Bxf3 Rdg8 27. Kg2 Bg5 28. Rc2 Bf4 29. Rh1 Rxh1 30. Nxh1 cxd4 31. Nxd4 Nxd4 32. Rf2 Qxc3 33. bxc3 Nxf3 34. Rxf3 Be5 35. Re3 f5 36. Kh2 Bxe4 0-1

[Event "Bialystok Zamenhof Memorial"]
[Site "Bialystok"]
[Date "2011.12.30"]
[Round "8"]
[White "Buraczewski, Rafal"]
[Black "Strojek, Kazimierz"]
[Result "1-0"]
[WhiteElo "1661"]
[BlackElo "1781"]
[PlyCount "65"]
[EventDate "2011.12.27"]
[EventType "swiss"]
[EventRounds "9"]
[EventCountry "POL"]
[SourceTitle "CBM 146 Extra"]
[Source "ChessBase"]
[SourceDate "2012.02.29"]
[SourceVersion "1"]
[SourceVersionDate "2012.02.29"]
[SourceQuality "1"]

1. d4 Nf6 2. Nf3 g6 3. c4 Bg7 4. Nc3 0-0 5. e4 d6 6. h3 c6 7. Be3 h6 8. Bd3 Qc7 9. Qd2 Kh7 10. g4 Ng8 11. 0-0-0 Qa5 12. Kb1 e5 13. Rdg1 Nd7 14. h4 exd4 15. Bxd4 Bxd4 16. Nxd4 Ne5 17. Be2 Be6 18. Nxe6 fxe6 19. f4 Nf7 20. Bd3 d5 21. exd5 exd5 22. cxd5 Rad8 23. Qc2 Ne7 24. h5 Nd6 25. hxg6+ Kg7 26. g5 Nef5 27. gxh6+ Kf6 28. Bxf5 Qc5 29. Ne4+ Nxe4 30. Bxe4 Qxc2+ 31. Bxc2 cxd5 32. g7 Rg8 33. Bh7 1-0

[Event "Bialystok qual-B"]
[Site "Bialystok"]
[Date "2011.05.??"]
[Round "8"]
[White "Borawski, Jakub"]
[Black "Strojek, Kazimierz"]
[Result "1-0"]
[WhiteElo "1911"]
[BlackElo "1775"]
[PlyCount "37"]
[EventDate "2011.05.??"]
[EventType "swiss"]
[EventRounds "9"]
[EventCountry "POL"]
[SourceTitle "EXT 2014"]
[Source "ChessBase"]
[SourceDate "2013.11.20"]
[SourceVersion "1"]
[SourceVersionDate "2013.11.20"]
[SourceQuality "1"]

1. e4 g6 2. d4 Bg7 3. Nc3 d6 4. Be3 Nf6 5. f3 0-0 6. Qd2 c6 7. 0-0-0 Qa5 8. Kb1 Ne8 9. Bh6 f5 10. h4 fxe4 11. fxe4 Qh5 12. Bc4+ e6 13. Bg5 Nf6 14. Nh3 Ng4 15. Nf4 Rxf4 16. Qxf4 h6 17. Qxd6 hxg5 18. Bxe6+ Bxe6 19. Qxe6+ 1-0

[Event "Bialystok qual-B"]
[Site "Bialystok"]
[Date "2011.05.??"]
[Round "2"]
[White "Strojek, Kazimierz"]
[Black "Olhovik, Andrei"]
[Result "0-1"]
[WhiteElo "1775"]
[BlackElo "2206"]
[PlyCount "71"]
[EventDate "2011.05.??"]
[EventType "swiss"]
[EventRounds "9"]
[EventCountry "POL"]
[SourceTitle "EXT 2014"]
[Source "ChessBase"]
[SourceDate "2013.11.20"]
[SourceVersion "1"]
[SourceVersionDate "2013.11.20"]
[SourceQuality "1"]

1. e4 c5 2. Nc3 Nc6 3. g3 g6 4. Bg2 Bg7 5. d3 d6 6. Be3 Rb8 7. Qd2 b5 8. Nd1 b4 9. h3 e6 10. Nf3 Nd4 11. 0-0 Ne7 12. Nh2 Qa5 13. c3 Nb3 14. axb3 Qxa1 15. d4 Ba6 16. c4 Qa5 17. Nf3 Rd8 18. d5 exd5 19. exd5 0-0 20. g4 Nc8 21. Bh6 Qc7 22. Bxg7 Kxg7 23. Qf4 f6 24. Ne3 Nb6 25. g5 Bc8 26. Qh4 f5 27. Qf4 Rde8 28. Nd2 Nd7 29. Qh2 Ne5 30. Bf3 Qe7 31. Re1 Qxg5+ 32. Kf1 f4 33. Ne4 Nxf3 34. Nxg5 Nxh2+ 35. Kg2 fxe3 36. fxe3 0-1

[Event "Bialystok qual-B"]
[Site "Bialystok"]
[Date "2011.05.??"]
[Round "4"]
[White "Strojek, Kazimierz"]
[Black "Smolarczyk, Tomasz"]
[Result "1-0"]
[WhiteElo "1775"]
[BlackElo "1564"]
[PlyCount "103"]
[EventDate "2011.05.??"]
[EventType "swiss"]
[EventRounds "9"]
[EventCountry "POL"]
[SourceTitle "EXT 2014"]
[Source "ChessBase"]
[SourceDate "2013.11.20"]
[SourceVersion "1"]
[SourceVersionDate "2013.11.20"]
[SourceQuality "1"]

1. e4 e5 2. Nf3 Nc6 3. d4 exd4 4. Nxd4 Bc5 5. Be3 Qf6 6. c3 Nge7 7. Bc4 b6 8. 0-0 Bb7 9. Nb5 0-0-0 10. Bxc5 bxc5 11. Bd5 a6 12. N5a3 h5 13. Nc4 Qg6 14. Qf3 f6 15. Nbd2 h4 16. h3 Qg5 17. Qe3 Rh5 18. f4 Nxd5 19. exd5 Qxd5 20. Rf2 Rhh8 21. b3 Rde8 22. Qf3 Qf7 23. Qd3 Kb8 24. Rd1 d5 25. Nb2 Rd8 26. Nf3 Na7 27. Rfd2 Nc8 28. Na4 Qe7 29. Qg6 Qe3+ 30. Kh1 d4 31. Rd3 Be4 32. Rxe3 Bxg6 33. Ree1 dxc3 34. Rxd8 Rxd8 35. Nxc3 Bf7 36. Re4 Rd3 37. Na4 Bd5 38. Re8 Bxf3 39. gxf3 Rxf3 40. Kg2 Rxf4 41. Nxc5 Rd4 42. Kf3 g5 43. Nxa6+ Kb7 44. Nc5+ Kc6 45. Rxc8 Kxc5 46. Rxc7+ Kb4 47. Ke3 Rf4 48. Rb7+ Ka3 49. Ra7+ Kb4 50. Ra4+ Kc5 51. Rxf4 gxf4+ 52. Kxf4 1-0

[Event "EU-ch rapid"]
[Site "Warsaw"]
[Date "2010.12.18"]
[Round "1"]
[White "Strojek, Kazimierz"]
[Black "Dziuba, Marcin"]
[Result "0-1"]
[WhiteElo "1846"]
[BlackElo "2584"]
[PlyCount "86"]
[EventDate "2010.12.18"]
[EventType "swiss (rapid)"]
[EventRounds "13"]
[EventCountry "POL"]
[SourceTitle "CBM 139 Extra"]
[Source "ChessBase"]
[SourceDate "2011.01.05"]
[SourceVersion "1"]
[SourceVersionDate "2011.01.05"]
[SourceQuality "1"]

1. e4 c6 2. Nc3 d5 3. Nf3 Bg4 4. h3 Bxf3 5. Qxf3 e6 6. d3 Nd7 7. exd5 cxd5 8. d4 Ngf6 9. a3 Bd6 10. Bd3 0-0 11. 0-0 h6 12. Ne2 Rc8 13. c3 e5 14. Bf5 e4 15. Qe3 Re8 16. h4 Rc7 17. Bxd7 Rxd7 18. Nf4 Bb8 19. Qe2 a6 20. Be3 Nh7 21. g3 Nf8 22. Rae1 b5 23. a4 Rb7 24. axb5 axb5 25. b4 Ne6 26. Ng2 Qd7 27. Qg4 Nxd4 28. Qxd7 Nf3+ 29. Kh1 Rxd7 30. Ra1 Be5 31. Ra3 Rc8 32. Bc5 Bd6 33. Be3 Rdc7 34. Ra5 Rxc3 35. Rxb5 d4 36. Bf4 Bxf4 37. Nxf4 Rc1 38. Rxc1 Rxc1+ 39. Kg2 d3 40. Nxd3 Rg1+ 41. Kh3 exd3 42. Kg4 d2 43. Rd5 d1Q 0-1

[Event "Bialystok Zamenhof Memorial-A"]
[Site "Bialystok"]
[Date "2010.??.??"]
[Round "5"]
[White "Grabowski, Adam"]
[Black "Strojek, Kazimierz"]
[Result "1-0"]
[WhiteElo "1948"]
[BlackElo "1846"]
[PlyCount "103"]
[EventDate "2010.12.27"]
[EventType "swiss"]
[EventRounds "9"]
[EventCountry "POL"]
[SourceTitle "CBM 140 Extra"]
[Source "ChessBase"]
[SourceDate "2011.03.01"]
[SourceVersion "1"]
[SourceVersionDate "2011.03.01"]
[SourceQuality "1"]

1. e4 e6 2. d4 d5 3. Nc3 Nf6 4. Bg5 Be7 5. e5 Nfd7 6. Bxe7 Qxe7 7. Qg4 f5 8. Qg3 a6 9. Bd3 c5 10. Nf3 Nc6 11. 0-0 0-0 12. Qf4 cxd4 13. Ne2 h6 14. h4 Nc5 15. Nexd4 Bd7 16. Nxc6 bxc6 17. Nd4 g5 18. Qd2 Nb7 19. b4 Qg7 20. hxg5 hxg5 21. f4 g4 22. Kf2 Kf7 23. Rh1 Rh8 24. Ne2 c5 25. Ng3 Bb5 26. Bxf5 Rxh1 27. Rxh1 Rh8 28. Rxh8 Qxh8 29. Bxg4 cxb4 30. Bh5+ Ke7 31. Qxb4+ Kd7 32. a4 Bc6 33. Be2 a5 34. Qd4 Qf8 35. Bb5 Bxb5 36. axb5 Qc5 37. Qxc5 Nxc5 38. Ne2 a4 39. Nc1 Ne4+ 40. Ke3 Nc3 41. g4 Nxb5 42. f5 exf5 43. gxf5 Na3 44. Kd4 Kc6 45. f6 Nb5+ 46. Ke3 Kd7 47. Kf4 Ke6 48. Nd3 a3 49. Nb4 Nc7 50. c3 Na6 51. Nxa6 a2 52. Nc5+ 1-0

[Event "Bialystok Zamenhof Memorial-A"]
[Site "Bialystok"]
[Date "2010.??.??"]
[Round "6"]
[White "Strojek, Kazimierz"]
[Black "Suliborski, Jakub"]
[Result "0-1"]
[WhiteElo "1846"]
[BlackElo "1903"]
[PlyCount "96"]
[EventDate "2010.12.27"]
[EventType "swiss"]
[EventRounds "9"]
[EventCountry "POL"]
[SourceTitle "CBM 140 Extra"]
[Source "ChessBase"]
[SourceDate "2011.03.01"]
[SourceVersion "1"]
[SourceVersionDate "2011.03.01"]
[SourceQuality "1"]

1. e4 e6 2. Qe2 c5 3. g3 Nc6 4. c3 Qc7 5. Bg2 Be7 6. d3 h5 7. h4 b6 8. Na3 Ba6 9. Nf3 Nf6 10. Bf4 e5 11. Bd2 0-0-0 12. c4 Rdf8 13. Nc2 Ng4 14. Bh3 g6 15. Nh2 Nxh2 16. Rxh2 f5 17. 0-0-0 f4 18. gxf4 exf4 19. f3 Bf6 20. Bc3 Bxc3 21. bxc3 Ne5 22. Rg2 Rf6 23. Rg5 Re8 24. Na3 Qc6 25. d4 cxd4 26. Rxd4 Rd6 27. Bf1 Kb8 28. Kb2 Qc5 29. Qd1 Rxd4 30. cxd4 Qb4+ 31. Kc2 Nf7 32. Qd3 Nxg5 33. hxg5 d5 34. e5 Re6 35. Qb3 Qxb3+ 36. axb3 dxc4 37. bxc4 Bb7 38. Bg2 a6 39. Kd3 b5 40. Bh3 Re7 41. cxb5 axb5 42. Bg2 b4 43. Nb1 Bd5 44. Bh3 Rc7 45. Kd2 Bxf3 46. Be6 Be4 47. d5 Bxb1 48. d6 Rc5 0-1

[Event "Bialystok qual"]
[Site "Bialystok"]
[Date "2009.11.07"]
[Round "4"]
[White "Strojek, Kazimierz"]
[Black "Nasuta, Grzegorz"]
[Result "0-1"]
[WhiteElo "1862"]
[BlackElo "2015"]
[PlyCount "43"]
[EventDate "2009.11.07"]
[EventType "swiss"]
[EventRounds "9"]
[EventCountry "POL"]
[SourceTitle "EXT 2012"]
[Source "ChessBase"]
[SourceDate "2011.11.24"]
[SourceVersion "1"]
[SourceVersionDate "2011.11.24"]
[SourceQuality "1"]

1. e4 c5 2. Nc3 Nc6 3. g3 g6 4. Bg2 Bg7 5. d3 e6 6. Be3 d6 7. Qd2 Nd4 8. Nd1 Nf6 9. f3 0-0 10. c3 Nc6 11. Ne2 Rb8 12. g4 b5 13. h4 Qe7 14. Bg5 d5 15. h5 dxe4 16. dxe4 Ba6 17. Bh6 Ne5 18. Bxg7 Kxg7 19. hxg6 fxg6 20. Qg5 Nd3+ 21. Kd2 Nxe4+ 22. fxe4 0-1

[Event "Bialystok Podlaski Region-chA"]
[Site "Bialystok"]
[Date "2008.06.22"]
[Round "2.4"]
[White "Strumilo, Slawomir"]
[Black "Strojek, Kazimierz"]
[Result "0-1"]
[WhiteElo "1891"]
[BlackElo "1927"]
[PlyCount "120"]
[EventDate "2008.06.21"]
[EventType "tourn"]
[EventRounds "9"]
[EventCountry "POL"]
[SourceTitle "EXT 2023"]
[Source "ChessBase"]
[SourceDate "2022.10.05"]
[SourceVersion "1"]
[SourceVersionDate "2022.10.05"]
[SourceQuality "1"]

1. e4 d5 2. exd5 Qxd5 3. Nc3 Qa5 4. b4 Qxb4 5. Rb1 Qd4 6. Nf3 Qd8 7. Bc4 e6 8. 0-0 b6 9. Ne5 c6 10. Qf3 Qc7 11. d4 Nf6 12. Bf4 Qb7 13. Rfe1 Be7 14. Bd3 0-0 15. Ne4 Nd5 16. Bd2 f6 17. Nc4 Qc7 18. Ne3 f5 19. Nxd5 exd5 20. Ng5 Bd6 21. Qh3 g6 22. Ne6 Bxe6 23. Rxe6 Nd7 24. Rbe1 Nf6 25. f3 Qd7 26. Bg5 Rae8 27. R6e2 Rxe2 28. Rxe2 Nh5 29. Qh4 Re8 30. Qe1 Rxe2 31. Qxe2 b5 32. g3 Kf7 33. Kg2 Qc7 34. Qe1 b4 35. Bd2 Qb6 36. c3 a5 37. Qb1 Qb8 38. cxb4 axb4 39. Bg5 Ng7 40. Bd2 Ne6 41. Bxf5 Nxd4 42. Bd3 c5 43. Be3 Ne6 44. Bf2 c4 45. Bc2 Qb5 46. f4 Bc5 47. f5 Nf8 48. fxg6+ hxg6 49. a4 Qb6 50. Be1 b3 51. Bd1 Qe6 52. Bf3 Nd7 53. Qd1 Nf6 54. Bc3 Ne4 55. Bh8 Kg8 56. Bb2 c3 57. Qxb3 cxb2 58. Qb8+ Kg7 59. Qxb2+ Kh7 60. Qc2 Bb6 0-1

[Event "Bialystok Podlaski Region-chA"]
[Site "Bialystok"]
[Date "2007.06.27"]
[Round "6.3"]
[White "Cylwik, Zbigniew"]
[Black "Strojek, Kazimierz"]
[Result "1-0"]
[WhiteElo "2066"]
[BlackElo "1914"]
[PlyCount "89"]
[EventDate "2007.06.23"]
[EventType "swiss"]
[EventRounds "9"]
[EventCountry "POL"]
[SourceTitle "EXT 2023"]
[Source "ChessBase"]
[SourceDate "2022.10.05"]
[SourceVersion "1"]
[SourceVersionDate "2022.10.05"]
[SourceQuality "1"]

1. d4 e6 2. Nf3 f5 3. c4 d5 4. Nc3 c6 5. cxd5 exd5 6. Bf4 Nf6 7. e3 Bd6 8. Bg5 0-0 9. Bd3 Qe8 10. Qe2 a5 11. Bxf6 Rxf6 12. g3 Nd7 13. 0-0 Qh5 14. Nh4 Qf7 15. f4 c5 16. Nf3 c4 17. Bc2 Nb6 18. Rae1 Bd7 19. Qg2 a4 20. Ng5 Qe8 21. Nxd5 Bc6 22. Nxf6+ gxf6 23. Nf3 Bb4 24. Bxf5 Bxe1 25. Rxe1 Be4 26. Bxe4 Qxe4 27. a3 Rc8 28. Nd2 Qc2 29. Ne4 Qxg2+ 30. Kxg2 Nd5 31. Nc3 Nxc3 32. bxc3 b5 33. e4 Kf7 34. Rb1 Rb8 35. Kf3 h5 36. f5 Ke7 37. Kf4 Kd6 38. e5+ fxe5+ 39. dxe5+ Kd5 40. Rd1+ Kc5 41. f6 b4 42. axb4+ Kc6 43. e6 a3 44. e7 a2 45. f7 1-0

[Event "Bialystok Podlaski Region-chA"]
[Site "Bialystok"]
[Date "2007.06.24"]
[Round "2.2"]
[White "Strojek, Kazimierz"]
[Black "Polishchuk, Oleg"]
[Result "0-1"]
[WhiteElo "1914"]
[BlackElo "2196"]
[PlyCount "82"]
[EventDate "2007.06.23"]
[EventType "swiss"]
[EventRounds "9"]
[EventCountry "POL"]
[SourceTitle "EXT 2023"]
[Source "ChessBase"]
[SourceDate "2022.10.05"]
[SourceVersion "1"]
[SourceVersionDate "2022.10.05"]
[SourceQuality "1"]

1. e4 g6 2. d4 Bg7 3. Be3 c6 4. Bc4 d5 5. exd5 cxd5 6. Bb3 Nc6 7. c3 Nf6 8. f3 0-0 9. Ne2 a5 10. 0-0 b5 11. Re1 Qb6 12. Kh1 Bf5 13. Ng3 a4 14. Bc2 Bxc2 15. Qxc2 Rfc8 16. Qd2 b4 17. c4 Na5 18. c5 Qb7 19. Qf2 Nc4 20. Nd2 Nxb2 21. Qe2 e6 22. a3 bxa3 23. Reb1 Qb4 24. Ra2 e5 25. Rba1 exd4 26. Bg1 Rxc5 27. Rxa3 Rc2 28. Ngf1 d3 29. Qe3 Nc4 30. Rb3 Qxb3 31. Nxb3 Nxe3 32. Nxe3 Rac8 33. Nd4 Nh5 34. Nxd5 Rd8 35. Ne7+ Kf8 36. Nec6 Bxd4 37. Nxd4 Nf4 38. Rd1 a3 39. Be3 Ne6 40. Bh6+ Ke8 41. Nc6 a2 0-1